<?xml version="1.0" encoding="UTF-8"?>
<record
    xmlns:xsi="http://www.w3.org/2001/XMLSchema-instance"
    xsi:schemaLocation="http://www.loc.gov/MARC21/slim http://www.loc.gov/standards/marcxml/schema/MARC21slim.xsd"
    xmlns="http://www.loc.gov/MARC21/slim">

  <leader>00210nam a22000857a 4500</leader>
  <controlfield tag="001">1235368</controlfield>
  <controlfield tag="005">20250930130024.0</controlfield>
  <datafield tag="245" ind1=" " ind2=" ">
    <subfield code="a">AY'A TIRMANAN &#xC7;OCUK</subfield>
    <subfield code="c">DAV&#x130;D ALMOND</subfield>
  </datafield>
  <datafield tag="260" ind1=" " ind2=" ">
    <subfield code="b">G&#xDC;NI&#x15E;I&#x11E;I K&#x130;TAPLI&#x11E;I YAYINLARI</subfield>
  </datafield>
  <datafield tag="999" ind1=" " ind2=" ">
    <subfield code="c">1235368</subfield>
    <subfield code="d">1235368</subfield>
  </datafield>
</record>
